00357nam a2200145Ia 4500008004100000020001500041041001200056082001100068100001500079245004900094250000800143260003700151300000900188650001400197221030s9999 xx 000 0 und d a8177226553 aEnglish a105.23 aS. Holzner 0aJava 2 Programming Black Bookcby S. Holzner a5th bDreamtech PressaNew Delhic2010 a1460 aComputers